000 00453nam a22001817a 4500
003 koha_MIRAKIL
005 20231213095417.0
008 231213b |||||||| |||| 00| 0 ||| d
020 _b9-75447084-7
040 _aTR-IsEVY
_btur
_cTR-IsEVY
082 _a810 GÜR/U
100 _aGÜRPINAR, HÜSEYİN RAHMİ.
245 0 _aUTANMAZ ADAM.
260 _bÖZGÜR YAYINLARI,
_c1997
300 _a[ ] p.
650 _aTürk Edebiyatı.
942 _2ddc
_cBK
999 _c3161
_d3161